000 00721nam a2200229Ia 4500
003 OSt
005 20220925190157.0
006 a|||||r|||| 00| 0
007 ta
008 220923b |||||||| |||| 00| 0 eng d
037 _cGeneral Book
040 _aRTL
_cRTL
_beng
041 _2eng
_aeng
082 _aX6291. N59 <--- N58s, J9
110 _aBANK FOR International settlements
245 0 _aBank for international settlements
_b29th Annual report 31st mar,1959
260 _aBasle
_bBank for International Settlement
_c1959
300 _a244p
_ccm.
700 _aBANK FOR International settlements
942 _hX6291. N59 <--- N58s, J9
_cGB
_2CC
999 _c513584
_d513584